000 00561nam a22002177a 4500
003 UA-OsUOA
001 136899
007 ta
008 20190410b un ||||| |||| 00| 0 ukr d
090 _a355
_bГ77
942 _cBK
040 _aUA-OsUOA
_brus
_cUA-OsUOA
_dUA-OsUOA
245 _aГраница
300 _a375 с.
955 _a1
041 _arus
080 _a355
260 _aК.
_bДніпро
_c355
650 7 _a35 Державно-адміністративне управління. Військова справа
_2UDC
999 _c421633
_d421633